000 00982nam a2200229Ia 4500
001 L235-46199
003 IT-CnALBA
008 170116s9999||||xx |||||||||||||| ||und||
040 _aIT-CnALBA
_cIT-CnALBA
041 _aITALIANO
100 _aNARGI LIVIO
245 0 _aIL BEL SANT'ANTONIO DI CASTELVETERE.
250 _a1a ed.
260 _a MERCOGLIANO, AVELLIN
_bGRAPPONE TIPOGR.
_cn.d.
300 _a78 p.
500 _aPRESENTAZIONE DI MONGELLI G. DATI BIOGRAFICI DI SANT'ANTONIO. UNA CONVERSIONE, PASTENO U. SANT'ANTONIO DI CIFARIELLO F. PREGHIERA A SANT'ANTONIO. INNO. DISCORSO.
501 _aSocietà San Paolo EM - Piazza San Paolo, 14 - 12051 ALBA (CN) (non commercial uses only) ® Copyright 2017
520 _aPRESENTAZIONE DI MONGELLI G. DATI BIOGRAFICI DI SANT'ANTONIO. UNA CONVERSIONE, PASTENO U. SANT'ANTONIO DI CIFARIELLO F. PREGHIERA A SANT'ANTONIO. INNO. DISCORSO.
650 _aMARIA SS. ANGELI SANTI DEMONI
942 _cBK
957 _71
999 _a52460
_bNO
_g Copie: 1
_c305138
_d305138